Energy, technology, and the environment / (Record no. 18524)
[ view plain ]
| 000 -LEADER | |
|---|---|
| fixed length control field | 00481cam a2200181 a 4500 |
| 020 ## - INTERNATIONAL STANDARD BOOK NUMBER | |
| ISBN | 0791802221 |
| 040 ## - CATALOGING SOURCE | |
| Transcribing agency | DLC |
| 082 00 - DEWEY DECIMAL CLASSIFICATION NUMBER | |
| Classification number | 628 ASM 2005 C147 Or. |
| 100 1# - MAIN ENTRY--AUTHOR NAME | |
| Personal name | Liu, Paul I. |
| 245 10 - TITLE STATEMENT | |
| Title | Energy, technology, and the environment / |
| 250 ## - EDITION STATEMENT | |
| Edition statement | 1st ed |
| 260 ## - PUBLICATION, DISTRIBUTION, ETC. (IMPRINT) | |
| Place of publication | New York, NY : |
| Name of publisher | ASME Press, |
| Year of publication | c2005 |
| 300 ## - PHYSICAL DESCRIPTION | |
| Number of Pages | xvii, 271 p. : |
| Other physical details | ill. ; |
| Dimensions | 26 cm |
| 650 #0 - SUBJECT ADDED ENTRY--TOPICAL TERM | |
| Topical Term | Energy development |
| 650 #0 - SUBJECT ADDED ENTRY--TOPICAL TERM | |
| Topical Term | Energy consumption |
| 650 #0 - SUBJECT ADDED ENTRY--TOPICAL TERM | |
| Topical Term | Environmental engineering |
| 942 ## - ADDED ENTRY ELEMENTS (KOHA) | |
| Koha item type | ADB |
No items available.